| 000 | 00613nam a22001937a 4500 | ||
|---|---|---|---|
| 003 | OSt | ||
| 005 | 20130524120118.0 | ||
| 008 | 130524s1997 sp ||||| |||| 00| 0 spa d | ||
| 022 | _28433905384 | ||
| 040 | _cCDMR | ||
| 100 | 1 |
_92381 _aColombo, Furio |
|
| 245 | 1 | 0 |
_aÚltimas noticias sobre el periodismo _b: manual de periodismo internacional _cFurio Colombo ; Traducción de Joaquín Jordá |
| 260 |
_aBarcelona _bAnagrama _c1997 |
||
| 300 | _a233 p. | ||
| 490 | 0 |
_aArgumentos _v188 |
|
| 650 | 0 | 4 |
_93158 _aPeriodisme _xLlenguatge |
| 650 | 0 | 4 |
_93219 _aPeriodisme _xObjectivitat _yManuals, guies, etc. |
| 942 |
_2udc _cMON |
||
| 999 |
_c6316 _d6316 |
||